Регионална библиотека "Любен Каравелов" - Русе

Атомът от А до Я (Запис номер 11637)

MARC детайли
000 -Лидер
Контролно поле с фиксирана дължина 01390nam a2200349 c 4500
003 - Код на организацията, давaща контролен номер
Контролно поле BLK
005 - Дата и час на последна редакция
Контролно поле 20250416111553.0
008 - Елементи от данни с фиксирана дължина
fixed length control field 180412b bul|||||r ||||||| ||bul||
010 ## - Наследен системен номер
LC control number KNG00013190000
040 ## - Източник на каталожния запис
Идентификатор на билиотеката - собственик на записа BLK
041 ## - Код за език
Код за езика на текст/звукозапис или на отделно заглавие Български
Код за езика КДБФ Български
080 ## - УДК
Текстов определител УДК Ядрена, атомна, молекулярна физика. Вж и 621.039.5; 621.384.6
УДК код - определител по УДК 539.1
УДК определител (035)
УДК - код + определител 539.1(035)
100 1# - Редна дума - Автор
Автор Гладков, Кирил А.
Авторска отговорност първи автор
R(LIN) 256710
139 ## - Редно поле
Редна дума Гладков, Кирил А.
Авторски знак Глад - Г 53
245 10 - Сведения за заглавието
Заглавие Атомът от А до Я
Подзаглавни данни Малка енциклопедия
Редно поле (дума) Кирил А. Гладков; прев. от рус. Лидия Б. Йосифова.
257 ## - Страна на издаване
Страна на създаване/издаване Русия
260 ## - Област на издателските данни
Място на издаване, разпространение и проч. София
Име на издателя, разпространителя и проч. Техника
Година на издаване 1975
300 ## - Физическа характеристика
Страници 183 с.
Илюстрации и др. с ил.
Размери/Мащаб 21 см
380 ## - Жанр
Жанр Естествени науки. Математика
500 ## - Общи забележки
Забележка Ориг. загл. Атом от А до Я. - Прев. по 2. прераб. и доп. рус. изд.
650 #4 - Допълнително описание по предмет – тема
Основно описание – тема или топоним Атомна енергия
9 (RLIN) 256712
653 ## - Ключова дума – ненормативна
Ключова дума атомна енергия
700 1# - Други автори (авторска отговорност)
Лично име Йосифова, Лидия Б.
Автороска отговорност (Описва отношението между автора и произведението) прев. от рус.
9 (RLIN) 256711
852 ## - Местоположение
Форматна сигнатура Цб 78822
856 4# - Електронен адрес и достъп
Електронен формат pdf - файл
Път до файла /url/
856 4# - Електронен адрес и достъп
Електронен формат pdf - файл
Път до файла /url/
999 ## - СИСТЕМНИ КОНТРОЛНИ НОМЕРА
Koha biblionumber 11637
Koha biblioitemnumber 11637
942 ## - АРТИКУЛИ
Вид на библиотечния материал Книги
Скрит в OPAC Не
Koha issues (borrowed), all copies 2
Периодичен библиозапис Да
944 ## - СЪЗДАВАНЕ И РЕДАКЦИЯ на ЗАПИСА
Създаване/Редакция Създаване
Дата на регистрацията/редакция 18.06.2010
Служител, извършил регистрацията/редакцията 30576
Статус, дата на статуса Цветомила Тодорова
944 ## - СЪЗДАВАНЕ И РЕДАКЦИЯ на ЗАПИСА
Създаване/Редакция Редакция
Дата на регистрацията/редакция 18.06.2010
944 ## - СЪЗДАВАНЕ И РЕДАКЦИЯ на ЗАПИСА
Създаване/Редакция Редакция
Дата на регистрацията/редакция 2022-10-07
Служител, извършил регистрацията/редакцията Христина Везирева
999 ## - СИСТЕМНИ КОНТРОЛНИ НОМЕРА
Koha biblioitemnumber 11637
Наличности
Код за отписване Код за изгубен артикул Източник на класификационната схема Код за повреда Коз за рестрикции Код за отдаване Артикулен № Име на библиотеката - собственик Име на библиотеката, в която се намира в момента Статус (Текущо местоположение) Дата на вписване в системата Местоположение - отдел Цена в лева Инвентарен номер Систематично азбучна сигнатура Баркод Номер на екземпляра Цена в евро Служебна бележка Служебен тип на артикула Бележка за публиката
  Не е изгубен Universal Decimal Classification Не е повреден без рестрикции ползва се в читалня 20231 Регионална библиотека "Любен Каравелов" Русе Регионална библиотека "Любен Каравелов" Русе Хранилище 1975-01-01 Хранилище 0.53 197338 Цб 78822 120000197338 1 0.27 Дост: Dp Вид: Д N: стар фонд Дата: 01.01.1975 Книги  
Изтеглен Не е изгубен   Не е повреден без рестрикции заемане за дома 20232 Регионална библиотека "Любен Каравелов" Русе Регионална библиотека "Любен Каравелов" Русе   1975-01-01 Заемна - подръчен фонд 0.53 198168 П 539.1/Г 53 198168 2 0.27 Дост: Pk Вид: Ф N: стар фонд Дата: 01.01.1975 Книги Отч.N: 23/2018 , Дата: 26.03.2018
  Не е изгубен Universal Decimal Classification Не е повреден без рестрикции заемане за дома 20233 Регионална библиотека "Любен Каравелов" Русе Регионална библиотека "Любен Каравелов" Русе Заемна - подръчен фонд 1975-01-01 Заемна - подръчен фонд 0.53 533532 П 539.1/Г 53 120000533532 3 0.27 Дост: Pk Вид: Ф N: стар фонд Дата: 01.01.1975 Дата инв: 16.02.2018 Бележки инв: П2018 Книги  
Изтеглен Не е изгубен Universal Decimal Classification Не е повреден без рестрикции ползва се в читалня 20234 Регионална библиотека "Любен Каравелов" Русе Регионална библиотека "Любен Каравелов" Русе Читалня 1975-01-01 Читалня 0.53 198169 Ч 539/Г 53 198169 4 0.27 Дост: Pk Вид: Ф N: стар фонд Дата: 01.01.1975 Дата инв: 16.03.2017 Бележки инв: Ч2017 Книги  
Vip Innovations Ltd, Rousse, Bulgaria 2025